<?xml version="1.0" encoding="UTF-8"?><?xml-stylesheet type="text/xsl" href="static/style.xsl"?><OAI-PMH xmlns="http://www.openarchives.org/OAI/2.0/" xmlns:xsi="http://www.w3.org/2001/XMLSchema-instance" xsi:schemaLocation="http://www.openarchives.org/OAI/2.0/ http://www.openarchives.org/OAI/2.0/OAI-PMH.xsd"><responseDate>2026-04-13T02:49:36Z</responseDate><request verb="GetRecord" identifier="oai:www.recercat.cat:10459.1/64297" metadataPrefix="marc">https://recercat.cat/oai/request</request><GetRecord><record><header><identifier>oai:recercat.cat:10459.1/64297</identifier><datestamp>2024-12-05T21:31:35Z</datestamp><setSpec>com_2072_3622</setSpec><setSpec>col_2072_479130</setSpec></header><metadata><record xmlns="http://www.loc.gov/MARC21/slim" xmlns:dcterms="http://purl.org/dc/terms/" xmlns:xsi="http://www.w3.org/2001/XMLSchema-instance" xmlns:doc="http://www.lyncode.com/xoai" xsi:schemaLocation="http://www.loc.gov/MARC21/slim http://www.loc.gov/standards/marcxml/schema/MARC21slim.xsd">
   <leader>00925njm 22002777a 4500</leader>
   <datafield ind2=" " ind1=" " tag="042">
      <subfield code="a">dc</subfield>
   </datafield>
   <datafield ind2=" " ind1=" " tag="720">
      <subfield code="a">Montañola Lacort, Alberto</subfield>
      <subfield code="e">author</subfield>
   </datafield>
   <datafield ind2=" " ind1=" " tag="260">
      <subfield code="c">2016-06-08T11:41:41Z</subfield>
   </datafield>
   <datafield ind2=" " ind1=" " tag="260">
      <subfield code="c">2017-02-01T06:45:12Z</subfield>
   </datafield>
   <datafield ind2=" " ind1=" " tag="260">
      <subfield code="c">2016-02-02</subfield>
   </datafield>
   <datafield ind2=" " ind1=" " tag="520">
      <subfield code="a">L'alineació múltiple de seqüencies (MSA), com a repte dins de la bioinformàtica, es un element&#xd;
clau per entendre el funcionament del genoma. Aquest consisteix en alinear en un temps òptim&#xd;
aquestes seqüencies garantint un nivell de qualitat. Aquest problema esdevé un repte de&#xd;
computació de altes prestacions degut als requeriments de recursos de memòria i còmput.&#xd;
S'han estudiat diferents implementacions, les quals es comparen i es presenten en aquesta&#xd;
investigació. Hem contribuït en la millora dels primers passos del problema MSA de diverses&#xd;
maneres.&#xd;
Amb l'objectiu de reduir el temps de càlcul i l'ús de memòria, adaptem T-Coffee per treballar en&#xd;
paral·lel amb ús de fils lleugers.&#xd;
Seguidament, hem desenvolupat un mètode de alineació de parells paral·lel, amb una assignació&#xd;
eficient de seqüències a nodes. Finalment es presenta un mètode per determinar la quantitat&#xd;
mínima de recursos del sistema, necessaris per resoldre un problema d'una mida determinada, per&#xd;
tal de configurar el sistema per un ús eficient.</subfield>
   </datafield>
   <datafield ind2=" " ind1=" " tag="520">
      <subfield code="a">El alineamiento múltiple de secuencias (MSA), como reto dentro de la bioinformática, es un&#xd;
elemento clave para entender el funcionamiento del genoma. Este consiste en alinear en un&#xd;
tiempo óptimo esta secuencias garantizando un nivel de calidad. Este problema es un reto de&#xd;
computo de altas prestaciones debido a los altos requerimientos de memoria y computo.&#xd;
Se han estudiado diferentes implementaciones, las cuales se comparan y se presentan en esta&#xd;
investigación. Hemos contribuido en la mejora de los primeros pasos del problema MSA de&#xd;
diversas formas.&#xd;
Con el objetivo de reducir el tiempo de cálculo y el uso de memoria, adaptamos T-Coffee para&#xd;
trabajar en paralelo con el uso de hilos ligeros.&#xd;
Seguidamente, hemos desarrollado un método de alineación de pares en paralelo, con una&#xd;
asignación eficiente de secuencias a nodos. Finalmente se presenta un método para determinar la&#xd;
cantidad mínima de recursos del sistema, necesarios para resolver el problema de un tamaño&#xd;
determinado, para poder configurar el sistema para un uso eficiente.</subfield>
   </datafield>
   <datafield ind2=" " ind1=" " tag="520">
      <subfield code="a">The multiple sequence alignment (MSA), as a challenge in bioinformatics, becomes a key&#xd;
element for understanding the inner working of the genome. This consists on aligning these&#xd;
sequences in an optimal time, with a good level of quality. This problem is a challenge for the&#xd;
high performance computing, because of the high memory and processing requirements.&#xd;
Different implementations were studied, which are being compared and presented on this thesis.&#xd;
We have contributed in the improvement of the first steps of the MSA problem in different ways.&#xd;
With the goal of reducing the computing time and the memory usage, we adapted T-Coffee for&#xd;
working in parallel with the usage of threads.&#xd;
Furthermore, we have developed a pair-wise sequence alignment method, with an efficient&#xd;
mapping of sequences to nodes. Finally, we are presenting the method for determining the&#xd;
minimal amount of resources, required for solving the problem of a determined size, in order to&#xd;
configure the system for an efficient use.</subfield>
   </datafield>
   <datafield ind1="8" ind2=" " tag="024">
      <subfield code="a">http://hdl.handle.net/10459.1/64297</subfield>
   </datafield>
   <datafield tag="653" ind2=" " ind1=" ">
      <subfield code="a">Alineació múltiple de seqüencies</subfield>
   </datafield>
   <datafield tag="653" ind2=" " ind1=" ">
      <subfield code="a">Computació distribuïda</subfield>
   </datafield>
   <datafield tag="653" ind2=" " ind1=" ">
      <subfield code="a">Bioinformàtica</subfield>
   </datafield>
   <datafield tag="653" ind2=" " ind1=" ">
      <subfield code="a">Alineamiento múltiple de secuencias</subfield>
   </datafield>
   <datafield tag="653" ind2=" " ind1=" ">
      <subfield code="a">Computación distribuida</subfield>
   </datafield>
   <datafield tag="653" ind2=" " ind1=" ">
      <subfield code="a">Bioinformática</subfield>
   </datafield>
   <datafield tag="653" ind2=" " ind1=" ">
      <subfield code="a">Multiple sequence alignment</subfield>
   </datafield>
   <datafield tag="653" ind2=" " ind1=" ">
      <subfield code="a">Distributed computing</subfield>
   </datafield>
   <datafield tag="653" ind2=" " ind1=" ">
      <subfield code="a">Bioinformatics</subfield>
   </datafield>
   <datafield tag="653" ind2=" " ind1=" ">
      <subfield code="a">Arquitectura i tecnologia d'ordinadors</subfield>
   </datafield>
   <datafield tag="653" ind2=" " ind1=" ">
      <subfield code="a">004</subfield>
   </datafield>
   <datafield ind2="0" ind1="0" tag="245">
      <subfield code="a">The pairwise problem with High Performance Computing Systems, contextualized as a key part to solve the Multiple Sequence Alignment problem</subfield>
   </datafield>
</record></metadata></record></GetRecord></OAI-PMH>